000 00303nam a22001457a 4500
020 _a0-7214-0657-2
082 _a3491
_bJOH/L
100 _aJOHN
100 _aPAUL DOROTHY
245 _aLADY BIRD SCIENCE LIGHT
260 _aENGLAND
_bLADYBIRD
300 _a51
650 _aENGLISH STORY
942 _cBK
999 _c1904
_d1904